Länder mit den meißten Muslimen / Prozentual - Statistiken

Allgemein
  • Dieses Quiz wurde 169 mal gespielt
  • Das Durchschnittsergebnis liegt bei 15 aus 24
Antwortstatistiken
Prozent In Zahlen Antwort % Korrekt
98% 83.000.000 Türkei
94%
100% 84.000.000 Iran
89%
99% 40.000.000 Irak
86%
95% 100.000.000 Ägypten
83%
97,9 % 41.000.000 Algerien
83%
99,1% 38.000.000 Marokko & Westsahara
82%
96,4% 217.000.000 Pakistan
81%
99,5 % 12.000.000 Tunesien
79%
100% 39.000.000 Afghanistan
77%
99,1 % 28.000.000 Jemen
74%
96,6% 6.600.000 Libyen
73%
98,4 % 24.000.000 Niger
70%
97,2% 10.000.000 Jordanien
64%
100% 17.000.000 Somalia
64%
99,1% 4.500.000 Mauretanien
58%
96,9% 9.900.000 Aserbaidschan
52%
96,7% 33.000.000 Usbekistan
52%
96,3 % 15.000.000 Senegal
48%
96,7% 9.200.000 Tadschikistan
44%
98,6% 500.000 Malediven
41%
97,6% (Insgesamt 70%) 14.000.000 Palästina & Israel
39%
96,8% 870.000 Dschibuti
36%
95,1% 2.000.000 Gambia
32%
98,3 % 840.000 Komoren
30%
Keine übereinstimmenden Quizze gefunden
Verteilung der Resultate
Anzahl Personen mit jedem Resultat
Perzentil nach korrekt beantworteten Fragen
Ihre Resultats-Entwicklung
Sie haben dieses Quiz noch nicht gespielt